You'll always find your way back home (Hannah Montana) - lyrics - Statistics

General Stats
  • This quiz has been taken 58 times
  • The average score is 329 of 393
Answer Stats
Answer % Correct
a
100%
and
100%
And
100%
can
100%
change
100%
clothes
100%
Find
100%
find
100%
I
100%
way
100%
You
100%
you
100%
your
100%
Your
100%
always
98%
back
98%
But
98%
but
98%
go
98%
hair
98%
home
98%
it
98%
the
98%
you'll
98%
You'll
98%
goes
95%
just
93%
goodbye
90%
hello
90%
know?
90%
know
90%
say
90%
that
90%
mind
85%
to
85%
It's
83%
it's
83%
cry
80%
style,
80%
that's
80%
chase
78%
dream
78%
everybody
78%
up
78%
wake
78%
dreams
76%
knows
76%
laugh
76%
so
76%
like
73%
monday
73%
fly
71%
learn
71%
feel
68%
raining
68%
those
68%
You're
68%
you're
68%
days
66%
Don't
66%
jeans
66%
Looks
66%
of
66%
one
66%
rough
66%
get
63%
some
63%
when
63%
who
63%
out
61%
(out
61%
where
61%
Where
61%
Are
59%
are
59%
door
59%
door)
59%
feeling
59%
floor
59%
dance
56%
got
56%
late
56%
now
56%
is
54%
jump
54%
running
54%
Sometimes
54%
Time's
54%
Cause
51%
hit
51%
in
51%
life
51%
little
51%
again
49%
away
49%
never
49%
too
49%
far
46%
friends,
46%
lights
46%
nowhere
46%
best
44%
down
44%
exactly
44%
place
44%
show
44%
superstar
44%
ending
41%
hometown
41%
real
41%
they
41%
around
39%
new
39%
this
39%
This
39%
what
39%
whole
39%
Let
37%
turn
37%
world
37%
crazy
34%
I'm
34%
wherever
34%
about
32%
all
32%
I've
32%
people
32%
big
29%
waiting
29%
alone
24%
am
24%
girl
24%
maybe
24%
thinking
24%
No matching quizzes found
Score Distribution
Percent of People with Each Score
Percentile by Number Answered
Your Score History
You have not taken this quiz